[Event "Caioba Telecom op"]
[Site "Caioba"]
[Date "2017.10.01"]
[Round "7"]
[White "Ribeiro, Erica de Jesus"]
[Black "Alves Silva, Luis Fernando"]
[Result "0-1"]
[WhiteElo "1467"]
[BlackElo "1713"]
[PlyCount "60"]
[EventDate "2017.09.28"]
[EventType "swiss"]
[EventRounds "8"]
[EventCountry "BRA"]
[SourceTitle "EXT 2020"]
[Source "ChessBase"]
[SourceDate "2019.10.17"]
[SourceVersion "1"]
[SourceVersionDate "2019.10.17"]
[SourceQuality "1"]

1. d4 d5 2. c4 e6 3. Nc3 Nf6 4. cxd5 exd5 5. Bg5 Be7 6. e3 0-0 7. Bd3 c6 8. Nge2 Nbd7 9. 0-0 Re8 10. a3 a5 11. Rb1 Nh5 12. Bxe7 Qxe7 13. Kh1 Nf8 14. Ng1 Nf6 15. Nf3 Bg4 16. Be2 Ng6 17. b4 axb4 18. axb4 Ra3 19. Na4 Ne4 20. Qc2 Bf5 21. Qd1 b5 22. g4 Nxf2+ 23. Rxf2 Bxb1 24. Qxb1 Rxa4 25. Qc2 Qe4 26. Bd3 Ra1+ 27. Kg2 Nf4+ 28. Kg3 Nxd3 29. Rd2 Qf4+ 30. Kg2 Qxg4# 0-1

[Event "Caioba Telecom op"]
[Site "Caioba"]
[Date "2017.09.30"]
[Round "5"]
[White "Szuba, Joao Gabriel Muniz"]
[Black "Alves Silva, Luis Fernando"]
[Result "1-0"]
[WhiteElo "1483"]
[BlackElo "1713"]
[PlyCount "85"]
[EventDate "2017.09.28"]
[EventType "swiss"]
[EventRounds "8"]
[EventCountry "BRA"]
[SourceTitle "EXT 2018"]
[Source "ChessBase"]
[SourceDate "2017.10.13"]
[SourceVersion "1"]
[SourceVersionDate "2017.10.13"]
[SourceQuality "1"]

1. e4 c5 2. Nf3 e6 3. d3 d6 4. g3 Nf6 5. Bg2 g6 6. Nbd2 Bg7 7. 0-0 Nc6 8. Re1 0-0 9. c3 e5 10. Nf1 Ne8 11. Bg5 Qb6 12. Qc2 Be6 13. Bc1 h6 14. Ne3 Ne7 15. Nd2 f5 16. Nec4 Qc7 17. exf5 gxf5 18. a4 d5 19. Nxe5 Bxe5 20. Nf3 Nc6 21. Nxe5 Nxe5 22. Bf4 Qf7 23. Rxe5 Nf6 24. Rae1 Rfe8 25. h3 Nd7 26. R5e2 h5 27. Qb3 Nf8 28. a5 Rad8 29. Qa3 b6 30. axb6 axb6 31. Qa6 Ng6 32. Qxb6 Nxf4 33. gxf4 Bd7 34. Qxc5 Rxe2 35. Rxe2 Be6 36. Qb6 Re8 37. Qc6 Kh7 38. d4 Bd7 39. Qa6 Rg8 40. Re3 Rg6 41. Qe2 Qg8 42. Qxh5+ Rh6 43. Re7+ 1-0

[Event "Itapetininga 4th"]
[Site "Itapetininga"]
[Date "2012.11.08"]
[Round "8.3"]
[White "Alves Silva, Luis Fernando"]
[Black "Paveto, Kevin"]
[Result "0-1"]
[WhiteElo "1647"]
[BlackElo "2282"]
[PlyCount "98"]
[EventDate "2012.11.05"]
[EventType "tourn"]
[EventRounds "10"]
[EventCountry "BRA"]
[SourceTitle "EXT 2022"]
[Source "ChessBase"]
[SourceDate "2021.10.06"]
[SourceVersion "1"]
[SourceVersionDate "2021.10.06"]
[SourceQuality "1"]

1. d4 Nf6 2. Nf3 g6 3. b3 Bg7 4. Bb2 0-0 5. e3 d6 6. c4 Nbd7 7. Nc3 c6 8. Be2 a6 9. Qd2 b5 10. cxb5 cxb5 11. 0-0 Bb7 12. a3 Qb6 13. Rac1 Rac8 14. Rfd1 e6 15. Ne1 Rc7 16. Bf3 Rfc8 17. Bxb7 Qxb7 18. f3 b4 19. Ne2 bxa3 20. Rxc7 Rxc7 21. Bxa3 Qxb3 22. Bxd6 Rc6 23. Bg3 a5 24. Qd3 Qxd3 25. Rxd3 a4 26. Nc3 Ra6 27. Nb5 Bf8 28. Nc2 Nd5 29. Be1 Rc6 30. Nba3 N7b6 31. Bd2 f5 32. e4 fxe4 33. fxe4 Nf6 34. Rc3 Rxc3 35. Bxc3 Nxe4 36. Bb4 Bh6 37. Kf1 Nd5 38. Bc5 Bc1 39. Ke2 h5 40. Kd3 Nef6 41. Kc4 Ng4 42. h3 Nge3+ 43. Nxe3 Nxe3+ 44. Kb5 Nxg2 45. Kxa4 Nf4 46. h4 Ng2 47. Be7 Be3 48. Nb5 Bf2 49. Nc7 Kf7 0-1

[Event "Itapetininga 4th"]
[Site "Itapetininga"]
[Date "2012.11.06"]
[Round "4.2"]
[White "Alves Silva, Luis Fernando"]
[Black "Duarte, Carlos Eduardo Sant"]
[Result "1-0"]
[WhiteElo "1647"]
[BlackElo "1473"]
[PlyCount "57"]
[EventDate "2012.11.05"]
[EventType "tourn"]
[EventRounds "10"]
[EventCountry "BRA"]
[SourceTitle "EXT 2022"]
[Source "ChessBase"]
[SourceDate "2021.10.06"]
[SourceVersion "1"]
[SourceVersionDate "2021.10.06"]
[SourceQuality "1"]

1. d4 d5 2. c4 e6 3. Nc3 Nc6 4. e3 Bb4 5. Nf3 Bxc3+ 6. bxc3 Nf6 7. cxd5 Nxd5 8. Qc2 0-0 9. Bd3 g6 10. h4 Qf6 11. h5 e5 12. dxe5 Nxe5 13. Be2 Bf5 14. e4 Bxe4 15. Qxe4 Nxf3+ 16. Qxf3 Qxc3+ 17. Qxc3 Nxc3 18. Kf1 Rfe8 19. Bd3 Rad8 20. Bc2 Re6 21. Be3 a6 22. hxg6 hxg6 23. g3 Ne4 24. Kg2 Nf6 25. Bg5 Rde8 26. Bb3 Rd6 27. Rh6 Nh5 28. g4 Nf6 29. Rxg6+ 1-0

[Event "Itapetininga 4th"]
[Site "Itapetininga"]
[Date "2012.11.06"]
[Round "5.1"]
[White "Pires, Thales de Almeida"]
[Black "Alves Silva, Luis Fernando"]
[Result "1-0"]
[WhiteElo "1859"]
[BlackElo "1647"]
[PlyCount "55"]
[EventDate "2012.11.05"]
[EventType "tourn"]
[EventRounds "10"]
[EventCountry "BRA"]
[SourceTitle "EXT 2022"]
[Source "ChessBase"]
[SourceDate "2021.10.06"]
[SourceVersion "1"]
[SourceVersionDate "2021.10.06"]
[SourceQuality "1"]

1. e4 e6 2. d4 d5 3. Nd2 Nf6 4. e5 Nfd7 5. Bd3 c5 6. c3 Qb6 7. Qg4 Nc6 8. Ngf3 cxd4 9. cxd4 h5 10. Qf4 Be7 11. a3 Qd8 12. h4 Nf8 13. b4 f5 14. exf6 Bxf6 15. Bb2 Bd7 16. 0-0 Rg8 17. b5 Ne7 18. Ne5 Bxe5 19. Qxe5 g5 20. Rfe1 Neg6 21. Bxg6+ Nxg6 22. Qxd5 Nf4 23. Qe4 Nh3+ 24. gxh3 gxh4+ 25. Kh2 Qf6 26. Qf3 Qh6 27. Nc4 Ke7 28. a4 1-0

[Event "Paulista-ch zt"]
[Site "Itapetininga"]
[Date "2012.10.14"]
[Round "5"]
[White "Herbst Neto, Eugenio"]
[Black "Alves Silva, Luis Fernando"]
[Result "1-0"]
[WhiteElo "1882"]
[BlackElo "1647"]
[PlyCount "133"]
[EventDate "2012.10.12"]
[EventType "swiss"]
[EventRounds "6"]
[EventCountry "BRA"]
[SourceTitle "CBM 151 Extra"]
[Source "ChessBase"]
[SourceDate "2012.12.18"]
[SourceVersion "1"]
[SourceVersionDate "2012.12.18"]
[SourceQuality "1"]

1. d4 d5 2. Nf3 Nf6 3. Bf4 e6 4. e3 c5 5. c4 dxc4 6. Bxc4 cxd4 7. exd4 Bb4+ 8. Nc3 0-0 9. 0-0 a6 10. Qb3 Bxc3 11. bxc3 b5 12. Bd3 Bb7 13. Ne5 Nd5 14. Bd2 Nd7 15. c4 Nxe5 16. dxe5 bxc4 17. Qxc4 Nb6 18. Qb3 Qd5 19. Qxd5 Bxd5 20. Rfc1 Rfc8 21. a3 Nc4 22. Bc3 Rc6 23. Bd4 Rac8 24. f4 Nxe5 25. Rxc6 Nxc6 26. Bxa6 Rb8 27. Bc5 Rb2 28. Bf1 Rc2 29. Bf2 Na5 30. g3 Nb3 31. Rb1 Kf8 32. Bg2 Bc4 33. Be1 Ke7 34. Rd1 Nc1 35. Bb4+ Kf6 36. Rd2 Rxd2 37. Bxd2 Nb3 38. Bc3+ Ke7 39. Kf2 f6 40. Ke3 Kd7 41. Be4 h6 42. Bb4 f5 43. Bf3 g6 44. Bd1 Bd5 45. g4 fxg4 46. Bxg4 h5 47. Be2 Ke8 48. h4 Kf7 49. a4 Kf6 50. Bd3 Nc1 51. Bc3+ Kf7 52. Bc2 Bb3 53. Bxb3 Nxb3 54. a5 Nc5 55. Kd4 Na6 56. Kc4 Ke8 57. Be5 Kd7 58. Kb5 Nc7+ 59. Bxc7 Kxc7 60. Kc5 e5 61. fxe5 g5 62. e6 g4 63. Kd4 g3 64. Ke3 Kd6 65. a6 Kxe6 66. a7 Kf5 67. Kf3 1-0

[Event "Torre de Pedra 1st"]
[Site "Torre de Pedra"]
[Date "2012.08.24"]
[Round "14"]
[White "Alves Silva, Luis Fernando"]
[Black "Da Silva Fo, Paulo Calixto"]
[Result "0-1"]
[WhiteElo "1621"]
[BlackElo "1862"]
[PlyCount "77"]
[EventDate "2012.07.28"]
[EventType "tourn"]
[EventRounds "18"]
[EventCountry "BRA"]
[SourceTitle "EXT 2013"]
[Source "ChessBase"]
[SourceDate "2012.11.22"]
[SourceVersion "1"]
[SourceVersionDate "2012.11.22"]
[SourceQuality "1"]

1. e4 c5 2. b4 cxb4 3. c4 e5 4. Nf3 Bc5 5. d3 d6 6. Be2 Nf6 7. Bg5 Nc6 8. 0-0 0-0 9. Nbd2 h6 10. Bxf6 Qxf6 11. Nb3 a5 12. Nxc5 dxc5 13. a3 Bg4 14. axb4 axb4 15. Rxa8 Rxa8 16. Qc2 Bxf3 17. Bxf3 Nd4 18. Qd1 Nxf3+ 19. Qxf3 Qxf3 20. gxf3 Ra3 21. Rd1 Kf8 22. Kg2 Ke7 23. Rd2 Kd7 24. Kg3 Kc6 25. Kg4 g6 26. f4 f6 27. fxe5 fxe5 28. h4 b5 29. cxb5+ Kxb5 30. f4 exf4 31. Kxf4 b3 32. e5 Ra2 33. Rd1 b2 34. e6 Ra1 35. e7 Rxd1 36. e8Q+ Kb4 37. Qb8+ Kc3 38. Qh8+ Kc2 39. Qxh6 0-1

[Event "Torre de Pedra 1st"]
[Site "Torre de Pedra"]
[Date "2012.08.11"]
[Round "8"]
[White "Alves Silva, Luis Fernando"]
[Black "Suardi, Roberto Jr"]
[Result "0-1"]
[WhiteElo "1621"]
[BlackElo "2230"]
[PlyCount "42"]
[EventDate "2012.07.28"]
[EventType "tourn"]
[EventRounds "18"]
[EventCountry "BRA"]
[SourceTitle "EXT 2013"]
[Source "ChessBase"]
[SourceDate "2012.11.22"]
[SourceVersion "1"]
[SourceVersionDate "2012.11.22"]
[SourceQuality "1"]

1. e4 Nf6 2. Qe2 d6 3. Nf3 e5 4. Nc3 Nc6 5. h3 Be7 6. d3 0-0 7. Be3 Re8 8. d4 exd4 9. Nxd4 Nxd4 10. Bxd4 Nxe4 11. Nxe4 d5 12. Nd2 Bg5 13. Be3 d4 14. 0-0-0 dxe3 15. Ne4 exf2+ 16. Kb1 Bg4 17. hxg4 Rxe4 18. Qf3 Qxd1+ 19. Qxd1 Re1 20. Bd3 Rae8 21. c3 Rxh1 0-1

[Event "Torre de Pedra 1st"]
[Site "Torre de Pedra"]
[Date "2012.08.11"]
[Round "7"]
[White "Suardi, Roberto Jr"]
[Black "Alves Silva, Luis Fernando"]
[Result "1-0"]
[WhiteElo "2230"]
[BlackElo "1621"]
[PlyCount "101"]
[EventDate "2012.07.28"]
[EventType "tourn"]
[EventRounds "18"]
[EventCountry "BRA"]
[SourceTitle "EXT 2013"]
[Source "ChessBase"]
[SourceDate "2012.11.22"]
[SourceVersion "1"]
[SourceVersionDate "2012.11.22"]
[SourceQuality "1"]

1. Nf3 Nf6 2. b3 e6 3. Bb2 b6 4. e3 Bb7 5. Be2 d5 6. c4 Be7 7. Nc3 0-0 8. d4 Nbd7 9. cxd5 exd5 10. 0-0 Re8 11. Rc1 c6 12. Qc2 Rc8 13. Bd3 Nf8 14. Ne5 Bd6 15. f4 Ng6 16. Rce1 c5 17. Bf5 Rc7 18. Nb5 Rce7 19. Nxd6 Qxd6 20. Ba3 Ne4 21. Bxe4 dxe4 22. dxc5 bxc5 23. Nxg6 Qxg6 24. Qxc5 Rd7 25. Rd1 Rd3 26. Qxa7 Bc8 27. Rxd3 exd3 28. Qd4 Bb7 29. Rf2 Be4 30. Bb2 Qg4 31. Rd2 f5 32. Qd7 Qg6 33. b4 Rb8 34. a3 h6 35. Be5 Rb7 36. Qd8+ Kh7 37. Qd4 Qg4 38. Qa1 Re7 39. a4 Rd7 40. b5 Bxg2 41. Rxg2 d2 42. Rxg4 d1Q+ 43. Qxd1 Rxd1+ 44. Kg2 fxg4 45. b6 Rb1 46. Bd4 g5 47. fxg5 h5 48. a5 h4 49. a6 h3+ 50. Kg3 Kg6 51. a7 1-0

[Event "Torre de Pedra 1st"]
[Site "Torre de Pedra"]
[Date "2012.08.10"]
[Round "6"]
[White "Freitas, Romeu Salvador"]
[Black "Alves Silva, Luis Fernando"]
[Result "1-0"]
[WhiteElo "2256"]
[BlackElo "1621"]
[PlyCount "27"]
[EventDate "2012.07.28"]
[EventType "tourn"]
[EventRounds "18"]
[EventCountry "BRA"]
[SourceTitle "EXT 2013"]
[Source "ChessBase"]
[SourceDate "2012.11.22"]
[SourceVersion "1"]
[SourceVersionDate "2012.11.22"]
[SourceQuality "1"]

1. e4 c5 2. Nf3 Nc6 3. Nc3 d6 4. d4 cxd4 5. Nxd4 Nxd4 6. Qxd4 Nf6 7. Bg5 e5 8. Qd2 Be7 9. 0-0-0 Be6 10. Nb5 Qd7 11. Bxf6 gxf6 12. Nxd6+ Bxd6 13. Qxd6 Rd8 14. Bb5 1-0

[Event "Torre de Pedra 1st"]
[Site "Torre de Pedra"]
[Date "2012.08.03"]
[Round "1"]
[White "Alves Silva, Luis Fernando"]
[Black "Milanelo, Carlos Alberto"]
[Result "1-0"]
[WhiteElo "1621"]
[BlackElo "1655"]
[PlyCount "82"]
[EventDate "2012.07.28"]
[EventType "tourn"]
[EventRounds "18"]
[EventCountry "BRA"]
[SourceTitle "EXT 2013"]
[Source "ChessBase"]
[SourceDate "2012.11.22"]
[SourceVersion "1"]
[SourceVersionDate "2012.11.22"]
[SourceQuality "1"]

1. Nf3 Nf6 2. c4 g6 3. b3 Bg7 4. Bb2 0-0 5. e3 Nc6 6. d4 d5 7. Be2 Bf5 8. 0-0 dxc4 9. bxc4 Qd6 10. Nc3 Rad8 11. Nh4 Qe6 12. Nxf5 gxf5 13. d5 Qc8 14. Qb3 Nb8 15. Nb5 c5 16. Nxa7 Qc7 17. Nb5 Qd7 18. Rad1 Ne4 19. Bxg7 Kxg7 20. Nc3 Rg8 21. Nxe4 fxe4 22. Qc3+ f6 23. f4 Qf5 24. Kh1 Rd6 25. g4 Qg6 26. Rg1 h6 27. Rg3 Kh8 28. Rdg1 Qg7 29. Bd1 e6 30. Bc2 exd5 31. cxd5 Nd7 32. Bxe4 b5 33. Bf5 Rxd5 34. e4 b4 35. Qb2 Rd6 36. h4 Nb6 37. g5 hxg5 38. fxg5 Qf7 39. Qc1 c4 40. Qf4 Rd4 41. gxf6 Qxf6 1-0

[Event "Itapetininga op 3rd"]
[Site "Itapetininga"]
[Date "2011.11.08"]
[Round "12"]
[White "Da Silva Fo, Paulo Calixto"]
[Black "Alves Silva, Luis Fernando"]
[Result "1-0"]
[WhiteElo "1821"]
[BlackElo "1565"]
[PlyCount "69"]
[EventDate "2011.11.06"]
[EventType "tourn"]
[EventRounds "14"]
[EventCountry "BRA"]
[SourceTitle "EXT 2022"]
[Source "ChessBase"]
[SourceDate "2021.10.06"]
[SourceVersion "1"]
[SourceVersionDate "2021.10.06"]
[SourceQuality "1"]

1. e4 c5 2. Nf3 Nc6 3. d4 cxd4 4. Nxd4 e5 5. Nf3 d6 6. Bb5 Nf6 7. Nbd2 Be7 8. h3 a6 9. Ba4 0-0 10. c3 h6 11. 0-0 Be6 12. Re1 Nd7 13. Nf1 Nc5 14. Bc2 Qc7 15. Be3 Rfd8 16. Qe2 Nd7 17. Rad1 Na5 18. N3d2 b5 19. Bb3 Bxb3 20. axb3 Nb7 21. Ng3 Ndc5 22. Nf5 Qd7 23. Qg4 g6 24. Nxh6+ Kf8 25. Nf5 Ne6 26. Bh6+ Ke8 27. Ne3 Nf4 28. Qxd7+ Rxd7 29. Bxf4 exf4 30. Nd5 Rad8 31. Nxf4 Kf8 32. Nf3 Nc5 33. b4 Ne6 34. Nd5 Nc7 35. Nb6 1-0

[Event "Itapetininga op 3rd"]
[Site "Itapetininga"]
[Date "2011.11.08"]
[Round "8"]
[White "Pires, Thales de Almeida"]
[Black "Alves Silva, Luis Fernando"]
[Result "0-1"]
[WhiteElo "1876"]
[BlackElo "1565"]
[PlyCount "70"]
[EventDate "2011.11.06"]
[EventType "tourn"]
[EventRounds "14"]
[EventCountry "BRA"]
[SourceTitle "EXT 2022"]
[Source "ChessBase"]
[SourceDate "2021.10.06"]
[SourceVersion "1"]
[SourceVersionDate "2021.10.06"]
[SourceQuality "1"]

1. c4 Nf6 2. Nf3 e6 3. d4 b6 4. e3 Bb7 5. Bd3 d5 6. 0-0 dxc4 7. Bxc4 Nbd7 8. Nc3 Be7 9. Qe2 Ne4 10. Bd2 0-0 11. Nxe4 Bxe4 12. Bc3 c5 13. Rad1 Bxf3 14. Qxf3 cxd4 15. Bxd4 Qc7 16. Bd3 Bf6 17. Bb1 Rac8 18. Bxf6 Nxf6 19. Rd4 Qe7 20. Rh4 g6 21. Qh3 Rc5 22. e4 Rfc8 23. Qe3 Qc7 24. Bd3 Rc1 25. e5 Rxf1+ 26. Bxf1 Nd7 27. Qh6 Nf8 28. Qe3 Nd7 29. Rc4 Qb8 30. Rxc8+ Qxc8 31. Qd4 Qc7 32. Qd6 Qc8 33. h3 Nc5 34. b4 Nb7 35. Ba6 Qc1+ 0-1

[Event "Itapetininga 240 anos"]
[Site "Itapetininga"]
[Date "2010.11.30"]
[Round "4"]
[White "Pires, Thales de Almeida"]
[Black "Alves Silva, Luis Fernando"]
[Result "1-0"]
[WhiteElo "1896"]
[BlackElo "1562"]
[PlyCount "55"]
[EventDate "2010.11.29"]
[EventType "tourn"]
[EventRounds "9"]
[EventCountry "BRA"]
[SourceTitle "EXT 2022"]
[Source "ChessBase"]
[SourceDate "2021.10.06"]
[SourceVersion "1"]
[SourceVersionDate "2021.10.06"]
[SourceQuality "1"]

1. d4 Nf6 2. Nc3 e6 3. Bg5 d5 4. Qd2 Bb4 5. f3 0-0 6. 0-0-0 Bxc3 7. Qxc3 Ne4 8. fxe4 Qxg5+ 9. Kb1 c6 10. h4 Qf4 11. e5 f6 12. e3 Qg4 13. Be2 Qxg2 14. Bf3 Qg6 15. h5 Qf7 16. h6 g6 17. Nh3 fxe5 18. Ng5 Qe7 19. Rdg1 Rf5 20. Nxh7 Qxh7 21. Bh5 g5 22. dxe5 Kh8 23. e4 dxe4 24. Qd4 Qd7 25. Qxe4 Qd5 26. Qb4 Qxe5 27. Qe7 Rf6 28. Qg7# 1-0

[Event "Itapetininga Bernardes Memorial-B 2nd"]
[Site "Itapetininga"]
[Date "2010.10.17"]
[Round "10.3"]
[White "Andrades, Jose Jorge Lopes"]
[Black "Alves Silva, Luis Fernando"]
[Result "1-0"]
[WhiteElo "1576"]
[BlackElo "1854"]
[PlyCount "97"]
[EventDate "2010.10.12"]
[EventType "tourn"]
[EventRounds "10"]
[EventCountry "BRA"]
[SourceTitle "EXT 2022"]
[Source "ChessBase"]
[SourceDate "2021.10.06"]
[SourceVersion "1"]
[SourceVersionDate "2021.10.06"]
[SourceQuality "1"]

1. e4 c5 2. f4 e6 3. Nf3 Nc6 4. c3 d6 5. Be2 g6 6. 0-0 Bg7 7. d3 Nge7 8. Nbd2 a6 9. Kh1 0-0 10. h3 f5 11. Qb3 h6 12. Nc4 b5 13. Ne3 Kh7 14. Rd1 Bd7 15. Nf1 Ng8 16. Ng3 Qe7 17. d4 cxd4 18. cxd4 Nf6 19. e5 Ne4 20. Nxe4 fxe4 21. Nh2 d5 22. Be3 Rac8 23. Rf1 Na5 24. Qd1 Nc4 25. Bc1 Rc7 26. b3 Nb6 27. a4 bxa4 28. Ba3 Qe8 29. Bxf8 Bxf8 30. Ng4 Be7 31. Bxa6 Rc3 32. bxa4 Bxa4 33. Qd2 Rc2 34. Qe3 h5 35. Nf2 Bb5 36. Rfb1 Bxa6 37. Rxb6 Re2 38. Qg3 Bc8 39. Ra7 Qd8 40. Qg5 Bd7 41. Nxe4 Bxg5 42. Nxg5+ Kg8 43. Rd6 Qc8 44. Ra1 Rb2 45. Kh2 Qf8 46. Rf1 Rd2 47. Rxd7 Qe8 48. Nh7 Kh8 49. Nf6 1-0

[Event "Itapetininga Bernardes Memorial-B 2nd"]
[Site "Itapetininga"]
[Date "2010.10.15"]
[Round "6.2"]
[White "Alves Silva, Luis Fernando"]
[Black "Branchini, Fernando Luis Sakam"]
[Result "0-1"]
[WhiteElo "1576"]
[BlackElo "1866"]
[PlyCount "64"]
[EventDate "2010.10.12"]
[EventType "tourn"]
[EventRounds "10"]
[EventCountry "BRA"]
[SourceTitle "EXT 2022"]
[Source "ChessBase"]
[SourceDate "2021.10.06"]
[SourceVersion "1"]
[SourceVersionDate "2021.10.06"]
[SourceQuality "1"]

1. d4 Nf6 2. c4 e6 3. Nf3 b6 4. g3 Bb7 5. Bg2 Bb4+ 6. Bd2 Be7 7. Nc3 0-0 8. Qc2 d6 9. 0-0 Nbd7 10. e4 e5 11. d5 a5 12. a4 Nc5 13. Be3 Nfd7 14. Nd2 Bg5 15. f4 Bh6 16. Rf3 Nf6 17. Bxc5 dxc5 18. f5 Ng4 19. Nf1 g6 20. h3 Nf6 21. Rd1 Bc8 22. g4 gxf5 23. g5 Bxg5 24. h4 Bxh4 25. exf5 Re8 26. Rh3 Bg5 27. Ng3 Rb8 28. Qe2 Qe7 29. Nce4 Nxe4 30. Bxe4 f6 31. Qg4 Qg7 32. Nh5 Be3+ 0-1

[Event "Itapetininga Bernardes Memorial-B 2nd"]
[Site "Itapetininga"]
[Date "2010.10.14"]
[Round "4.1"]
[White "Duarte, Carlos Eduardo Sant"]
[Black "Alves Silva, Luis Fernando"]
[Result "0-1"]
[WhiteElo "1854"]
[BlackElo "1576"]
[PlyCount "100"]
[EventDate "2010.10.12"]
[EventType "tourn"]
[EventRounds "10"]
[EventCountry "BRA"]
[SourceTitle "EXT 2022"]
[Source "ChessBase"]
[SourceDate "2021.10.06"]
[SourceVersion "1"]
[SourceVersionDate "2021.10.06"]
[SourceQuality "1"]

1. Nf3 Nf6 2. Nc3 g6 3. e4 d6 4. d4 Bg7 5. e5 dxe5 6. dxe5 Qxd1+ 7. Nxd1 Ng4 8. Bf4 Nc6 9. Bb5 Bd7 10. Bxc6 Bxc6 11. h3 Bxf3 12. hxg4 Bxg4 13. Ne3 Be6 14. 0-0-0 c6 15. Rh2 h5 16. g4 hxg4 17. Rxh8+ Bxh8 18. Rh1 0-0-0 19. Rh4 b6 20. c3 Kb7 21. Nxg4 Bxg4 22. Rxg4 Rd5 23. Bg3 Bxe5 24. f4 Bf6 25. Kb1 Rd2 26. b3 Bxc3 27. Kc1 Rxa2 28. Kd1 Rb2 29. f5 gxf5 30. Rf4 Be5 31. Rf3 Bxg3 32. Rxg3 e6 33. Kc1 Rf2 34. Kd1 Kc7 35. b4 f6 36. Ra3 a5 37. bxa5 bxa5 38. Rxa5 Kd6 39. Ra3 c5 40. Ra6+ Ke5 41. Ra5 Kd4 42. Ra6 Ke5 43. Ra5 Kd5 44. Ra3 c4 45. Ra5+ Kd4 46. Ra4 Kd3 47. Ra3+ c3 48. Ke1 Rd2 49. Kf1 Kc2 50. Ra2+ Kb1 0-1

[Event "Itapetininga Bernardes Memorial-B 2nd"]
[Site "Itapetininga"]
[Date "2010.10.14"]
[Round "3.3"]
[White "Jorge, Denrick Cabral Jose"]
[Black "Alves Silva, Luis Fernando"]
[Result "1-0"]
[WhiteElo "1924"]
[BlackElo "1576"]
[PlyCount "39"]
[EventDate "2010.10.12"]
[EventType "tourn"]
[EventRounds "10"]
[EventCountry "BRA"]
[SourceTitle "EXT 2022"]
[Source "ChessBase"]
[SourceDate "2021.10.06"]
[SourceVersion "1"]
[SourceVersionDate "2021.10.06"]
[SourceQuality "1"]

1. e4 c5 2. Nf3 d6 3. d4 cxd4 4. Nxd4 Nf6 5. Nc3 a6 6. Bg5 e6 7. Qd2 Be7 8. 0-0-0 Qc7 9. Nde2 b5 10. Bxf6 gxf6 11. Nd4 Bd7 12. f4 Nc6 13. f5 Ne5 14. fxe6 fxe6 15. Qh6 b4 16. Qh5+ Kd8 17. Nce2 Nc6 18. Nxc6+ Qxc6 19. Nd4 Qc5 20. Nxe6+ 1-0